000 00338 a2200157 4500
001 65698
020 _a140507793X
040 _cAnchieta - Pituba
100 _aMilne, Jonh
240 1 0 _aThe magic barber
_leng
245 1 0 _aThe magic barber
300 _a16
362 0 _a2005
650 4 _aLiteratura juvenil em inglês
942 _cBK
999 _c65698
_d65698